[Event "Open"]
[Site "Liberec CZE"]
[Date "2006.11.14"]
[Round "4"]
[White "Rattinger,F"]
[Black "Haba,Z"]
[Result "0-1"]
[WhiteElo "2138"]
[BlackElo "2207"]

1.e4 g6 2.d4 Bg7 3.Nc3 c5 4.d5 d6 5.Bb5+ Bd7 6.a4 Nf6 7.Bf4 Qa5 8.f3 O-O
9.Ne2 Bxb5 10.axb5 Qb6 11.Qd2 Nbd7 12.O-O a6 13.bxa6 Rxa6 14.Rxa6 Qxa6 15.Bh6 Bxh6
16.Qxh6 b5 17.Qd2 b4 18.Nd1 Ra8 19.Ne3 Ne5 20.b3 Qb5 21.Ng3 c4 22.f4 c3 23.Qd4 Neg4
24.Nxg4 Nxg4 25.e5 Qc5 26.Qxc5 dxc5 27.Re1 Ra2 28.d6 exd6 29.exd6 Nf6 30.Re2 Ra6
31.Re8+ Nxe8 32.d7 Ra8  0-1

[Event "1st Magistral Endesa"]
[Site "Santiago CHI"]
[Date "2006.11.19"]
[Round "3"]
[White "Rojas,L"]
[Black "Sepulveda,Job"]
[Result "1/2-1/2"]
[WhiteElo "2430"]
[BlackElo "2337"]

1.e4 g6 2.d4 Bg7 3.Nc3 d5 4.exd5 Nf6 5.Bc4 Nbd7 6.Bb3 Nb6 7.Qf3 a5 8.a4 O-O
9.h3 e6 10.dxe6 Bxe6 11.Bxe6 fxe6 12.Nge2 Nfd5 13.Qe4 Qd7 14.O-O Rae8 15.Be3 Nc4
16.Bc1 Nd6 17.Qd3 Nb4 18.Qd1 Nf5 19.Nb5 Qc6 20.c3 Nh4 21.f3 Nd5 22.Bg5 Bf6
23.Bxh4 Bxh4 24.Qd3 Nf4 25.Nxf4 Rxf4 26.Kh2 Ref8 27.d5 exd5 28.g3 Bxg3+ 29.Kxg3 Qf6
30.Qxd5+ Kh8 31.Nd4 c6 32.Qc5 Re8 33.Kh2 Re5 34.Qa7 c5 35.Rae1 Rxe1 36.Rxe1 cxd4
37.Qxb7 Qd6 38.Kg2 Rf8 39.Qe7 Qxe7 40.Rxe7 dxc3 41.bxc3 Rc8 42.Re5 Rxc3 43.Rxa5 Kg7
44.Rb5 Ra3 45.a5 Kf6 46.Kf2 h5 47.h4 Ke6 48.Rb6+ Kf5 49.a6 g5 50.Rb5+ Kf4  1/2-1/2

[Event "29th ch-GRE w"]
[Site "Athens GRE"]
[Date "2006.11.27"]
[Round "3"]
[White "Pambalou,F"]
[Black "Pavlogianni,D"]
[Result "1-0"]
[WhiteElo "2177"]
[BlackElo "1951"]

1.e4 g6 2.d4 Bg7 3.Nc3 c5 4.dxc5 Bxc3+ 5.bxc3 Qa5 6.Qd4 Nf6 7.f3 Nc6 8.Qe3 b6
9.cxb6 axb6 10.Bd2 d6 11.Ne2 Qa4 12.Nd4 Nxd4 13.Qxd4 Be6 14.Qxa4+ Rxa4 15.Bb5+ Bd7
16.Bxa4 Bxa4 17.Be3 Nd7 18.Rb1 O-O 19.Rb4 Ra8 20.Kd2 Ra6 21.Rhb1 b5 22.c4 Rc6
23.c3 Rxc4 24.Rxc4 bxc4 25.Rb4 Bc6 26.Rxc4 Ne5 27.Rb4 d5 28.Rb8+ Kg7 29.Bd4 f6
30.Bxe5 fxe5 31.exd5 Bxd5  1-0

[Event "Capablanca mem Open"]
[Site "Havana CUB"]
[Date "2006.11.28"]
[Round "8"]
[White "Perez,Lu"]
[Black "Hoi,C"]
[Result "1/2-1/2"]
[WhiteElo "2455"]
[BlackElo "2413"]

1.e4 Nc6 2.Nc3 g6 3.d4 Bg7 4.Be3 d6 5.Qd2 Nf6 6.f3 e5 7.Nge2 O-O 8.d5 Ne7
9.O-O-O Ne8 10.g4 f5 11.gxf5 gxf5 12.exf5 Nxf5 13.Bg5 Nf6 14.Ng3 Nd4 15.Qg2 Qe8
16.h4 Nh5 17.Rg1 Nxg3 18.Qxg3 Rxf3 19.Qe1 Qh5 20.Ne4 Bg4 21.Rxd4 exd4 22.Be2 Re8
23.Bxf3 Bxf3 24.Nf6+ Bxf6 25.Bxf6+ Kf7 26.Qg3 Qg4 27.Bxd4 Qxg3 28.Rxg3 Bxd5
29.Rg7+ Ke6 30.Rxh7 c5 31.Bc3 Rf8 32.Kd2 Rf2+ 33.Kd3 Rf3+ 34.Ke2 Rh3 35.Rh6+  1/2-1/2

[Event "FSIM December"]
[Site "Budapest HUN"]
[Date "2006.12.06"]
[Round "5"]
[White "Humphrey,J"]
[Black "Kahn,E"]
[Result "1/2-1/2"]
[WhiteElo "2256"]
[BlackElo "2303"]

1.e4 g6 2.d4 Bg7 3.Nc3 c5 4.dxc5 Bxc3+ 5.bxc3 Qa5 6.Ne2 Nf6 7.f3 Qxc5 8.Qd4 Qc7
9.Bg5 Nc6 10.Qd2 Qe5 11.Nd4 d6 12.Rb1 a6 13.Be2 O-O 14.O-O Re8 15.Kh1 Nd7
16.Be3 Qa5 17.f4 Nc5 18.Bf3 Nxd4 19.cxd4 Qxd2 20.Bxd2 Ne6 21.Be3 Nc7 22.d5 e6
23.Bb6 Re7 24.c4 exd5 25.cxd5 Ne8 26.e5 dxe5 27.Bc5 Rc7 28.Bb6 Re7  1/2-1/2

[Event "FSIM December"]
[Site "Budapest HUN"]
[Date "2006.12.11"]
[Round "10"]
[White "Schneider,Ve"]
[Black "Leroy,D"]
[Result "0-1"]
[WhiteElo "2221"]
[BlackElo "2316"]

1.e4 g6 2.d4 Bg7 3.Nc3 c5 4.d5 d6 5.Bb5+ Nd7 6.a4 a6 7.Be2 Ngf6 8.f4 Qa5
9.Bd2 O-O 10.Nh3 Qc7 11.O-O Rb8 12.g4 c4 13.Be3 Nc5 14.Nf2 b5 15.axb5 axb5
16.Bf3 Nfd7 17.Bd4 e5 18.dxe6 fxe6 19.Bxg7 Kxg7 20.Ne2 Qb6 21.Kg2 Bb7 22.Qd2 Rbd8
23.Ng3 Rf7 24.Rad1 Ra8 25.g5 Ra2 26.Ng4 Na4 27.Rb1 Rxb2 28.Rxb2 c3 29.Rxb5 cxd2
30.Rxb6 Ndxb6 31.Nf6 Nc4 32.Kf2 Bc6 33.Be2 d5 34.Kf3 Rb7 35.Bd3 Nc3 36.Be2 Nb2
37.Ra1 dxe4+ 38.Nfxe4 Nxe4 39.Nxe4 Rb4 40.Ke3 d1=Q 41.Bxd1 Nxd1+ 42.Rxd1 Rxe4+
43.Kf2 Rxf4+ 44.Kg3 Rf3+ 45.Kg4 Rf7 46.Rd4 Ra7 47.Rf4 Ba4 48.c3 Bc2 49.h4 Rc7  0-1

[Event "6th Amplico AIG Life"]
[Site "Warsaw POL"]
[Date "2006.12.16"]
[Round "6"]
[White "Kopczynski,M"]
[Black "Stryjecki,M"]
[Result "0-1"]
[WhiteElo "2227"]
[BlackElo "2423"]

1.e4 g6 2.d4 Bg7 3.Nc3 a6 4.Be3 b5 5.Nce2 Bb7 6.Ng3 d6 7.Qd2 Nd7 8.f4 Ngf6
9.Bd3 Ng4 10.O-O-O c5 11.c3 Nxe3 12.Qxe3 b4 13.d5 bxc3 14.b3 Qa5 15.Qe2 Nb6
16.Nf3 Qa3+ 17.Kb1 c4 18.bxc4 Rb8 19.e5 Bxd5 20.Ka1 Bxf3 21.gxf3 O-O 22.Rb1 Na4
23.Ne4 dxe5 24.Qc2 exf4 25.Rxb8 Rxb8 26.Rb1 Rb2 27.Rxb2 cxb2+ 28.Kb1 f5 29.Qb3 Qxb3
30.axb3 fxe4  0-1

[Event "6th Amplico AIG Life"]
[Site "Warsaw POL"]
[Date "2006.12.17"]
[Round "13"]
[White "Kanarek,M"]
[Black "Stryjecki,M"]
[Result "0-1"]
[WhiteElo "2244"]
[BlackElo "2423"]

1.e4 g6 2.d4 Bg7 3.Nc3 a6 4.a4 d6 5.Nf3 Nd7 6.Be3 b6 7.Qd2 Bb7 8.Bd3 e6 9.O-O h6
10.b4 Ne7 11.b5 c6 12.h4 cxb5 13.axb5 a5 14.h5 g5 15.Nh2 Nf6 16.f4 Nxh5 17.fxg5 hxg5
18.Qf2 Nf4 19.Ne2 Neg6 20.c3 Qe7 21.Nxf4 gxf4 22.Bxf4 Nxf4 23.Qxf4 e5 24.Qf2 exd4
25.cxd4 O-O-O 26.Ra4 Kb8 27.d5 Rxh2 28.Kxh2 Rh8+ 29.Kg1 Be5 30.Qf3 Qh4 31.Qh3 Qg5
32.Qf3 Bg3 33.Rd1 Rh4 34.e5 Rxa4 35.e6 fxe6 36.Qf8+ Ka7  0-1

[Event "16th North American Open"]
[Site "Las Vegas USA"]
[Date "2006.12.26"]
[Round "1"]
[White "Cheng,X"]
[Black "Hanken,J"]
[Result "1-0"]
[WhiteElo "2285"]
[BlackElo "2015"]

1.e4 g6 2.d4 Bg7 3.Nc3 c5 4.dxc5 Qa5 5.Bd2 Qxc5 6.Nd5 Na6 7.Nf3 e6 8.Nc3 Ne7
9.Bd3 Nb4 10.Be2 O-O 11.O-O Nbc6 12.Rb1 d5 13.b4 Qd6 14.exd5 Nxd5 15.Ne4 Qb8
16.b5 Ne5 17.c4 Nf4 18.Bb4 Nxe2+ 19.Qxe2 Nxf3+ 20.Qxf3 Rd8 21.Rbd1 Bd7  1-0

[Event "Weihnachtsopen Masters"]
[Site "Zurich SUI"]
[Date "2006.12.29"]
[Round "5"]
[White "Lehmann,Mar"]
[Black "Zozulia,A"]
[Result "1-0"]
[WhiteElo "2219"]
[BlackElo "2363"]

1.e4 g6 2.d4 Bg7 3.Nc3 a6 4.f4 d6 5.Be3 Nd7 6.Nf3 e6 7.a4 b6 8.Bd3 Ne7 9.O-O O-O
10.Qe1 c5 11.Kh1 Bb7 12.Rd1 cxd4 13.Bxd4 e5 14.fxe5 Nc6 15.Be3 Ncxe5 16.Be2 Qc7
17.Qd2 Nxf3 18.Rxf3 Bxc3 19.bxc3 Bxe4 20.Rh3 Qc6 21.Bf1 Nc5 22.Bxc5 dxc5
23.Qh6 g5 24.Rd6 Qxa4 25.Qxg5+ Bg6 26.Rf3 Qxc2 27.h4 f6 28.Rdxf6 Rxf6 29.Bc4+ Rf7
30.Bxf7+ Kg7 31.Qf6+ Kh6 32.h5 Kxh5 33.Rh3+ Kg4 34.Rh4+  1-0

[Event "IM"]
[Site "Marianske Lazne CZE"]
[Date "2007.01.22"]
[Round "4"]
[White "Swiercz,D"]
[Black "Stross,F"]
[Result "1/2-1/2"]
[WhiteElo "2231"]
[BlackElo "2317"]

1.e4 g6 2.d4 Bg7 3.Nc3 d5 4.exd5 Nf6 5.Bc4 Nbd7 6.Nf3 Nb6 7.Bb3 a5 8.a4 O-O
9.O-O Nbxd5 10.Nxd5 Nxd5 11.Re1 c6 12.Bg5 Re8 13.h3 Be6 14.Qd2 Nc7 15.c4 Na6
16.d5 Bf5 17.g4 Nc5 18.Ba2 Ne4 19.Qf4 Nxg5 20.Nxg5 e5 21.dxe6 Bxe6 22.Rad1 Qe7
23.Nxe6 fxe6 24.c5 Kh8 25.Rxe6 Qxc5 26.Rxe8+ Rxe8 27.Rd7 Rf8 28.Rf7 b5 29.Rxf8+ Qxf8
30.Qxf8+ Bxf8 31.axb5 cxb5 32.Bd5 Bg7 33.Bc6 Bxb2 34.Bxb5 g5 35.Kg2 Kg7 36.Kf3 Bd4
37.Kg3 Be5+ 38.Kf3 Kf6 39.Ke4 Ke6 40.Ba4 Kf6 41.Kd5 Bf4  1/2-1/2

[Event "Gibtelecom Masters"]
[Site "Catalan Bay ENG"]
[Date "2007.01.25"]
[Round "3"]
[White "Rasch,H"]
[Black "Schiller,E"]
[Result "1-0"]
[WhiteElo "2272"]
[BlackElo "2180"]

1.e4 g6 2.d4 Bg7 3.Nc3 c5 4.dxc5 Bxc3+ 5.bxc3 Qa5 6.Nf3 Qxc3+ 7.Bd2 Qxc5
8.Rb1 Nf6 9.Bd3 O-O 10.Bb4 Qc6 11.e5 Nh5 12.O-O Re8 13.Re1 Na6 14.Nd4 Qc7
15.Ba3 Nc5 16.Nb5 Qc6 17.Be2 Ne4 18.Bxh5 gxh5 19.Qxh5 d5 20.exd6 exd6 21.Nxd6 Nxd6
22.Qg5+  1-0

[Event "Open"]
[Site "Moscow RUS"]
[Date "2007.01.27"]
[Round "1"]
[White "Kislov,O"]
[Black "Chernyshov,K"]
[Result "0-1"]
[WhiteElo "2324"]
[BlackElo "2556"]

1.e4 g6 2.d4 Bg7 3.Nc3 a6 4.f4 b5 5.Nf3 b4 6.Nd5 Bb7 7.Bc4 e6 8.Nxb4 Bxe4
9.Ng5 Bxg2 10.Rg1 Bb7 11.f5 Qe7 12.c3 h6 13.Nxf7 Qh4+ 14.Rg3 Kxf7 15.fxe6+ Kf8
16.Nd3 Nf6 17.Qe2 Nh5 18.Qf2+ Qf6 19.Rxg6 Qxf2+ 20.Kxf2 Be4 21.exd7 Nxd7
22.Rxa6 Rxa6 23.Bxa6 Ke7 24.Be3 Ra8 25.Nb4 Rf8+ 26.Ke2 Bf3+ 27.Kd3 Rf6 28.Re1 Kd8
29.Rg1 Bf8 30.Rg8 c6 31.Bc4 Kc7 32.Na6+ Kb7 33.Rh8 Bg4 34.b4 Nf4+ 35.Bxf4 Rxf4
36.b5 Rf3+ 37.Kc2 Rf2+ 38.Kd3 Rxh2 39.bxc6+ Kxc6 40.Ke4 Nf6+ 41.Ke5 Rf2 42.Nb4+ Kc7
43.Bd3 Bd6+  0-1

[Event "Open"]
[Site "Moscow RUS"]
[Date "2007.01.29"]
[Round "3"]
[White "Tarlev,K"]
[Black "Chernyshov,K"]
[Result "1-0"]
[WhiteElo "2454"]
[BlackElo "2556"]

1.e4 g6 2.d4 Bg7 3.Nc3 a6 4.h4 b5 5.h5 Bb7 6.Bg5 b4 7.Nd5 c6 8.h6 Bxh6 9.Bxh6 Nxh6
10.Nxb4 Ng8 11.Nf3 Qa5 12.c3 c5 13.Nd5 Bxd5 14.exd5 Nf6 15.Bc4 d6 16.Qe2 O-O
17.O-O-O Nbd7 18.Qxe7 Qc7 19.Qe3 Rfe8 20.Qh6 Nf8 21.Qf4 Ne4 22.dxc5 Qxc5
23.Rd4 f5 24.Nd2 Nf6 25.Bd3 Re5 26.Nc4 Rxd5 27.Rxd5 Qxd5 28.Qxd6 Qxg2 29.Rd1 N8d7
30.Nb6 Nxb6 31.Qxf6 Qxf2 32.Bc2 Qe3+ 33.Kb1 Nc4 34.Qc6 Nb6 35.Qf6 Nc4 36.Bb3 Qe4+
37.Ka1 Rb8 38.Qxa6 Rxb3 39.axb3 Ne3 40.Rd7 Qe8 41.Ra7 Nc2+ 42.Ka2 Qe1 43.Qc8+  1-0

[Event "Open"]
[Site "Moscow RUS"]
[Date "2007.01.30"]
[Round "4"]
[White "Repina,V"]
[Black "Onoprienko,V"]
[Result "0-1"]
[WhiteElo "2200"]
[BlackElo "2354"]

1.e4 g6 2.d4 Bg7 3.Nc3 a6 4.Be3 b5 5.f4 d6 6.Nf3 Bb7 7.e5 e6 8.Bd3 Ne7 9.Ne4 Nd5
10.Qd2 Nxe3 11.Qxe3 Qe7 12.O-O-O Nd7 13.g4 O-O-O 14.g5 Nb6 15.a3 Kb8 16.h4 h5
17.Qf2 Rc8 18.Nfd2 Rhd8 19.Rh3 Bf8 20.Nf6 c5 21.dxc5 dxc5 22.Be4 Qc7 23.Bxb7 Qxb7
24.Nde4 Rxd1+ 25.Kxd1 Rd8+ 26.Kc1 Qc6 27.Qe2 c4 28.c3 Na4 29.Rf3 Nc5 30.Nxc5 Bxc5
31.Rf1 Kc7 32.Kc2 Rd3 33.Qe4 Qxe4 34.Nxe4 Be7 35.Nd2 Rg3 36.Nf3 Rg4 37.Kd2 Bc5
38.Nd4 Bxd4 39.cxd4 Kc6 40.Ke3 Kd5 41.Kf3 Rxh4 42.Kg3 Rg4+ 43.Kf3 a5 44.Rd1 b4
45.axb4 axb4 46.Rc1 b3 47.Rd1 c3 48.bxc3 Kc4 49.Rc1 b2 50.Re1 Kxc3 51.Re3+ Kc2
52.Re2+  0-1

[Event "Open"]
[Site "Moscow RUS"]
[Date "2007.02.02"]
[Round "7"]
[White "Smirnov,P"]
[Black "Chernyshov,K"]
[Result "1-0"]
[WhiteElo "2621"]
[BlackElo "2556"]

1.e4 g6 2.d4 Bg7 3.Nc3 a6 4.f4 b5 5.Nf3 b4 6.Ne2 Bb7 7.Ng3 h5 8.Bd3 h4 9.Nf1 e6
10.Qe2 d5 11.e5 Nd7 12.Be3 Bf8 13.N1d2 Nh6 14.Nb3 a5 15.a3 bxa3 16.bxa3 a4
17.Nc5 Nxc5 18.dxc5 h3 19.Rb1 hxg2 20.Rg1 Bc8 21.Rxg2 Nf5 22.Bxf5 gxf5 23.Qb5+ Qd7
24.c6 Qd8 25.Bc5 Ba6 26.Qb4 Bxc5 27.Qxc5 Qe7 28.Qc3 Bc4 29.Kd2 Qc5 30.Nd4 Rh3
31.Rb5 Qxb5 32.Nxb5 Rxc3 33.Rg8+ Ke7 34.Rxa8 Rh3 35.Nxc7 f6 36.exf6+ Kf7
37.Ne8 Rxh2+ 38.Kc1 Bb3 39.cxb3 Rh1+ 40.Kd2 Rh2+ 41.Ke3 Rh3+ 42.Kf2  1-0

[Event "zt 2.5 w"]
[Site "San Luis ARG"]
[Date "2007.03.21"]
[Round "3"]
[White "Quinones,J"]
[Black "Amura,C"]
[Result "0-1"]
[WhiteElo "2056"]
[BlackElo "2357"]

1.e4 g6 2.d4 Bg7 3.Nc3 c5 4.Be3 Qa5 5.Be2 Nf6 6.Bf3 cxd4 7.Bxd4 Nc6 8.Ne2 Nxd4
9.Qxd4 O-O 10.O-O d6 11.Qd3 Rb8 12.Rfb1 Bd7 13.Nd5 Rfe8 14.Nd4 a6 15.Rd1 b5
16.c3 Rbc8 17.Nb4 Ng4 18.Bxg4 Bxg4 19.f3 Bd7 20.Nd5 e6 21.Nb3 Qd8 22.Ne3 Qb6
23.Kh1 Bc6 24.Nd4 Ba8 25.Ndc2 Red8 26.a4 d5 27.exd5 Bxd5 28.Qe2 bxa4 29.Rxa4 Qxb2
30.c4 Ba8 31.Rxa6 Be5 32.Raa1 Qb8 33.Rab1 Rxd1+ 34.Rxd1 h5 35.Nf1 Qc7 36.Qd3 Rb8
37.Nce3 Qc5 38.Rb1 Rxb1 39.Qxb1 Bc6 40.Qd3 Kg7 41.Kg1 f5 42.Kh1 g5 43.Qe2 g4
44.Nd2 Bc7 45.fxg4 hxg4 46.Nxg4 fxg4 47.Qxe6 Qd4 48.Qe2 Bb6 49.Qe7+ Kg6 50.Qe6+ Kg5
51.Qe7+ Kf4 52.Qe1 Qf2 53.Qxf2+ Bxf2 54.Nf1 Ke4 55.h3 g3  0-1

[Event "Rector Cup w"]
[Site "Kharkiv UKR"]
[Date "2007.03.22"]
[Round "6"]
[White "Komiagina,M"]
[Black "Vozovic,O"]
[Result "0-1"]
[WhiteElo "2288"]
[BlackElo "2323"]

1.e4 g6 2.d4 Bg7 3.Nc3 d5 4.exd5 Nf6 5.Bc4 Nbd7 6.Bg5 Nb6 7.Bxf6 Bxf6 8.Bb3 a5
9.a4 O-O 10.Nge2 Bg7 11.O-O c6 12.dxc6 bxc6 13.Re1 Ba6 14.Ne4 Bxe2 15.Qxe2 Qxd4
16.Ng5 Nd5 17.c3 Qb6 18.Bc4 Rab8 19.Rab1 e6 20.h4 h6 21.Nf3 Qc5 22.Ba2 Rb7
23.Rbc1 Rd8 24.g3 Rbd7 25.Ne5 Bxe5 26.Qxe5 Qe7 27.Rcd1 h5 28.Rd2 Nf6 29.Rxd7 Rxd7
30.Qxa5 Rd2 31.Qa8+ Kg7 32.Qxc6 Ng4 33.Rf1 Qa7 34.Qf3 Rxb2 35.Bb1 Qxa4 36.Qd3 Qa7
37.Bc2 Ne5 38.Qe4 Qc5 39.Re1 Ng4 40.Re2 Qxc3 41.Qd3 Qc5 42.Qe4 Rb4 43.Qf3 Rc4
44.Bd3 Rc3 45.Qe4 Nf6 46.Qe3 Qxe3 47.Rxe3 Ng4  0-1

[Event "8th ch-Euro"]
[Site "Dresden GER"]
[Date "2007.04.03"]
[Round "1"]
[White "Kostopoulos,E"]
[Black "Howell,D"]
[Result "0-1"]
[WhiteElo "2103"]
[BlackElo "2501"]

1.d4 g6 2.e4 Bg7 3.Nc3 a6 4.f4 b5 5.Nf3 Bb7 6.Bd3 d6 7.O-O Nd7 8.a4 b4 9.Ne2 a5
10.Qe1 Nb6 11.c3 bxc3 12.bxc3 Qd7 13.Rb1 Ba6 14.Bb5 Bxb5 15.axb5 Nf6 16.Ng3 c6
17.e5 Nfd5 18.Ng5 h6 19.e6 fxe6 20.bxc6 Qxc6 21.Nxe6 Bf6 22.Qe4 Kd7 23.Ne2 Nc7
24.Qxc6+ Kxc6 25.Nxc7 Kxc7 26.f5 g5 27.Ng3 Rhb8 28.Ra1 a4 29.Ra2 Nc4 30.Bd2 a3
31.Rfa1 Rb2 32.Nf1 Kc6 33.Bc1 Rxa2 34.Rxa2 Kb5 35.Nd2 Nxd2 36.Bxd2 Kc4  0-1

[Event "ch-Catalonia"]
[Site "Barcelona ESP"]
[Date "2007.04.05"]
[Round "5"]
[White "Nadal Garcia,L"]
[Black "Quiles Olive,M"]
[Result "1/2-1/2"]
[WhiteElo "2092"]
[BlackElo "1946"]

1.e4 g6 2.d4 Bg7 3.Nc3 d5 4.Nf3 dxe4 5.Nxe4 Nf6 6.Nxf6+ Bxf6 7.Be3 Bg4 8.Be2 Nd7
9.h3 Bf5 10.c3 h5 11.Qb3 Nb6 12.c4 c6 13.a4 Qc7 14.a5 Nc8 15.c5 a6 16.Bc4 e6
17.Qc3 Be4 18.O-O-O Ne7 19.Rhg1 Bd5 20.b4 Bxf3 21.gxf3 Nd5 22.Bxd5 exd5 23.Qd2 O-O-O
24.Bf4 Qd7 25.Bg3 Qf5 26.Kb2 Rhe8  1/2-1/2

[Event "30th Open"]
[Site "San Sebastian ESP"]
[Date "2007.04.05"]
[Round "6"]
[White "Martin Alvarez,I"]
[Black "Alvarado Fernandez,M"]
[Result "1-0"]
[WhiteElo "2173"]
[BlackElo "2000"]

1.e4 g6 2.d4 Bg7 3.Nc3 d5 4.exd5 Nf6 5.Bc4 Nbd7 6.Nf3 O-O 7.O-O Nb6 8.Bb3 a5
9.a4 Nbxd5 10.Nxd5 Nxd5 11.Re1 Re8 12.Ne5 c6 13.Qf3 f6 14.Ng4 Bxg4 15.Qxg4 f5
16.Qh4 e5 17.Qxd8 Raxd8 18.Bg5 Rd7 19.dxe5 Rxe5 20.c3 Rxe1+ 21.Rxe1 Kf8 22.f3 b5
23.Re6 b4 24.Rxc6 bxc3 25.bxc3 Bxc3 26.Bh6+ Bg7 27.Bxg7+ Kxg7 28.Rc5 Nf4
29.Rxa5 Rd2 30.g3 Nh3+ 31.Kf1 Rf2+ 32.Ke1 Rxf3 33.Ra7+ Kf6 34.Bd5 Ra3 35.a5 Ke5
36.Bg8 g5 37.a6 f4 38.Rxh7 fxg3 39.hxg3 Ng1 40.a7 Nf3+ 41.Kf2 Nd4 42.Rc7 Kd6
43.Rg7 Ra5 44.Rxg5 Rxa7 45.Rd5+ Kc6 46.Rxd4 Rg7 47.Bb3 Kc5 48.Rd3 Rg5 49.Rd5+ Rxd5
50.Bxd5 Kxd5 51.Kf3 Ke5 52.Kg4 Kf6 53.Kh5 Kg7 54.Kg5 Kf7 55.Kh6 Kf6 56.g4 Kf7
57.g5 Kg8 58.Kg6  1-0

[Event "8th ch-Euro"]
[Site "Dresden GER"]
[Date "2007.04.09"]
[Round "7"]
[White "Durarbeyli,V"]
[Black "Howell,D"]
[Result "1-0"]
[WhiteElo "2368"]
[BlackElo "2518"]

1.e4 g6 2.d4 Bg7 3.Nc3 a6 4.Be3 b5 5.Qd2 Bb7 6.Bd3 d6 7.Nf3 Nd7 8.a4 b4 9.Ne2 a5
10.Ng3 Ngf6 11.Bh6 Bxh6 12.Qxh6 e5 13.c3 bxc3 14.bxc3 Ng4 15.Qd2 O-O 16.O-O Qe7
17.Rfe1 Kg7 18.h3 Nh6 19.Rab1 Rfb8 20.Bb5 Nb6 21.Qe3 Bc8 22.Bc6 Bb7 23.Bb5 Bc8
24.c4 c5 25.dxc5 dxc5 26.Bc6 Ra7 27.Qc3 f6 28.Nf1 Qc7 29.Bb5 Nf7 30.Red1 Bb7
31.N3d2 Nd6 32.Qc2 Bc8 33.Ne3 Be6 34.Rbc1 Bf7 35.Nb1 Rab7 36.Na3 Ra7 37.Rd2 Nb7
38.Rcd1 Rd8 39.Rxd8 Nxd8 40.Qd2 Ne6 41.Ng4 g5 42.Qd6 h5 43.Ne3 Nd4 44.Rxd4 exd4
45.Nf5+ Kh7 46.Qf8 Be6 47.Qh6+ Kg8 48.Qg6+ Kf8  1-0

[Event "8th ch-Euro"]
[Site "Dresden GER"]
[Date "2007.04.12"]
[Round "9"]
[White "Hunt,A"]
[Black "Bauer,Ch"]
[Result "0-1"]
[WhiteElo "2461"]
[BlackElo "2629"]

1.e4 g6 2.d4 Bg7 3.Nc3 a6 4.Nf3 d6 5.Be3 b5 6.Bd3 Bb7 7.O-O Nd7 8.a4 b4 9.Ne2 Ngf6
10.Ng3 O-O 11.Qd2 c5 12.Bh6 Qc7 13.Bxg7 Kxg7 14.b3 cxd4 15.Nxd4 Qc5 16.Nf3 a5
17.Rfe1 Rac8 18.Qe2 Ng4 19.Nf1 e5 20.N3d2 Ngf6 21.Ne3 Rcd8 22.Rad1 Qc7 23.f3 Nc5
24.Bc4 Nh5 25.Nd5 Bxd5 26.Bxd5 Nf4 27.Qb5 Rb8 28.Qf1 f5 29.g3 Nxd5 30.exd5 Nd7
31.Nc4 Nb6 32.Nxb6 Qxb6+ 33.Qf2 Rfc8 34.Qxb6 Rxb6 35.Rd2 Rb7 36.Ree2 Rbc7
37.Kf2 Rc3 38.Kg2 Kf6 39.Kf2 g5 40.h3 h5 41.Kg2 g4 42.hxg4 hxg4 43.fxg4 fxg4
44.Rf2+ Kg5 45.Rde2 R8c7 46.Rd2 R7c5 47.Kh2 Rf3 48.Rg2 Kf5 49.Rge2 Rcc3  0-1

[Event "Open"]
[Site "Sydney AUS"]
[Date "2007.04.13"]
[Round "7"]
[White "Bucher,D"]
[Black "Bennett,H"]
[Result "1-0"]
[WhiteElo "2315"]
[BlackElo "2134"]

1.e4 g6 2.d4 Bg7 3.Nc3 d5 4.e5 c5 5.dxc5 d4 6.Ne4 Qd5 7.Qf3 Qxe5 8.Bf4 Qe6
9.Bb5+ Nd7 10.Ne2 h6 11.O-O Nf6 12.Nxf6+ Qxf6 13.c6 bxc6 14.Bxc6 Ba6 15.Bxd7+  1-0

[Event "8th ch-Euro"]
[Site "Dresden GER"]
[Date "2007.04.14"]
[Round "11"]
[White "Cao Sang"]
[Black "Bauer,Ch"]
[Result "0-1"]
[WhiteElo "2488"]
[BlackElo "2629"]

1.e4 g6 2.d4 Bg7 3.Nc3 a6 4.h4 d5 5.e5 c5 6.dxc5 d4 7.Na4 Qa5+ 8.c3 dxc3
9.bxc3 Bd7 10.Nb6 Qxc3+ 11.Qd2 Qxa1 12.f4 Nh6 13.Nxa8 O-O 14.Bc4 Nc6 15.Nb6 Bg4
16.Ne2 Rd8 17.Qb2 Qxb2 18.Bxb2 Nf5 19.Kf2 e6 20.Bc3 Bf8 21.Na4 Rd7 22.g3 Nh6
23.Rb1 Bf5 24.Rb2 Rd1 25.Bd2 Ng4+ 26.Kf3 Ngxe5+ 27.fxe5 Nxe5+ 28.Kf2 Nxc4
29.Rxb7 Rxd2 30.Ke1 Rxa2 31.Nec3 Rc2  0-1

[Event "8th ch-Euro"]
[Site "Dresden GER"]
[Date "2007.04.14"]
[Round "11"]
[White "Can,E"]
[Black "Howell,D"]
[Result "0-1"]
[WhiteElo "2404"]
[BlackElo "2518"]

1.e4 g6 2.d4 Bg7 3.Nc3 a6 4.Be3 b5 5.Qd2 Bb7 6.Bd3 d6 7.Nf3 Nd7 8.O-O h6
9.a4 b4 10.Ne2 a5 11.c3 bxc3 12.bxc3 e6 13.Rab1 Qc8 14.d5 exd5 15.exd5 Bxd5
16.Nh4 Ne7 17.Nf4 Bc6 18.Nhxg6 fxg6 19.Bxg6+ Nxg6 20.Nxg6 Ne5 21.Nxe5 dxe5
22.Bc5 Bxg2 23.Kxg2 Qg4+ 24.Kh1 Qf3+ 25.Kg1 Bf8 26.Rfd1 Rg8+ 27.Kf1 Bxc5  0-1

[Event "TCh-FRA Top 16"]
[Site "Montpellier FRA"]
[Date "2007.04.28"]
[Round "4"]
[White "Neiman,E"]
[Black "Bauer,Ch"]
[Result "0-1"]
[WhiteElo "2386"]
[BlackElo "2629"]

1.d4 g6 2.e4 Bg7 3.Nc3 a6 4.f4 b5 5.Nf3 Bb7 6.Bd3 Nc6 7.Be3 Nf6 8.e5 Ng4
9.Bd2 d6 10.h3 Nh6 11.O-O O-O 12.Be3 Nb4 13.Be4 Bxe4 14.Nxe4 Nd5 15.Qd3 Qd7
16.Bd2 f6 17.exd6 cxd6 18.Qb3 e6 19.a4 Nf7 20.axb5 axb5 21.Nc3 Nc7 22.Ne4 Qc6
23.Qd3 f5 24.Neg5 Nxg5 25.Nxg5 Qc4 26.Qxc4 bxc4 27.Nf3 Nb5 28.c3 h6 29.Kf2 Nc7
30.Rfe1 Kf7 31.Ke2 Rfe8 32.Rxa8 Rxa8 33.Bc1 Nd5 34.Kd1 Bf6 35.Kc2 Bd8 36.Nd2 Bh4
37.Rh1 Ra4 38.Nf1 Bf2 39.g3 Nf6 40.Rh2 Ne4 41.Rg2 Ra1 42.Nd2 Be3 43.Nb1 Bxc1
44.Kxc1 g5 45.Kc2 Kf6 46.Na3 d5 47.Nb1 Kg6 48.Re2 Kh5 49.Rg2 gxf4 50.gxf4 Kh4
51.Rg6 h5 52.Rh6 Kxh3 53.Rxh5+ Kg4 54.Rh6 Ra6 55.Na3 Rb6 56.Kc1 Nf2 57.Nc2 Nd3+
58.Kd2 Kxf4 59.Rg6 Ke4 60.Rg2 f4 61.Re2+ Kf3 62.b4 cxb3 63.Kxd3 bxc2 64.Rxc2 Rb1
65.c4 Rd1+ 66.Kc3 dxc4 67.Kxc4 Ke3  0-1

[Event "2nd President's Cup"]
[Site "Baku AZE"]
[Date "2007.05.05"]
[Round "3"]
[White "Zinchenko,Ya"]
[Black "Akhmedov,F"]
[Result "1-0"]
[WhiteElo "2513"]
[BlackElo "2265"]

1.e4 g6 2.d4 Bg7 3.Nc3 c5 4.Nf3 Qa5 5.Be3 Nf6 6.Qd2 cxd4 7.Nxd4 Nc6 8.f3 d6
9.O-O-O Bd7 10.g4 Ne5 11.Kb1 a6 12.g5 Ng8 13.Nb3 Qd8 14.f4 Ng4 15.Bg1 h6
16.h3 hxg5 17.Bg2 gxf4 18.hxg4 Rxh1 19.Bxh1 Bxg4 20.Rf1 Bxc3 21.Qxf4 Nf6
22.bxc3 a5 23.Bd4 a4 24.Nd2 Be6 25.Bf3 Rc8 26.Rh1 Qa5 27.Bxf6 Qb6+ 28.Ka1 exf6
29.Qxf6 Qc5 30.Rh8+ Kd7 31.Rxc8 Kxc8 32.Kb2 g5 33.Qd4 Qc6 34.c4 g4 35.Be2 Kc7
36.a3 Qa6 37.Nf1 Qa5 38.Ng3 Qe1 39.Qc3 Qg1 40.e5 Qb6+ 41.Ka2 dxe5 42.Qxe5+ Qd6
43.Qa5+ Kb8 44.Nf5 Qc7 45.Qxc7+ Kxc7 46.Bxg4 Bxc4+ 47.Kb2 Kb6 48.Ne3 Bb5
49.Bh5 Be8 50.Nd5+ Kc5 51.Nf6 Bc6 52.Bxf7 b5 53.Kc3 Bf3 54.Bg6  1-0

[Event "TCh-RUS HL"]
[Site "Sochi RUS"]
[Date "2007.05.06"]
[Round "4"]
[White "Chetverik,M"]
[Black "Smirnov,Arte"]
[Result "1-0"]
[WhiteElo "2311"]
[BlackElo "2403"]

1.d4 g6 2.e4 Bg7 3.Nc3 c5 4.d5 d6 5.Nf3 Nf6 6.Be2 O-O 7.O-O Bg4 8.Nd2 Bxe2
9.Qxe2 Nbd7 10.Nc4 Nb6 11.Nxb6 Qxb6 12.a4 a6 13.a5 Qc7 14.Bd2 Rfe8 15.Na4 e6
16.Nb6 Rab8 17.Bc3 Nd7 18.Bxg7 Kxg7 19.dxe6 fxe6 20.Nxd7 Qxd7 21.Qd3 Rbd8
22.Rfd1 Qe7 23.c4 Rd7 24.Qg3 Kg8 25.f3 Red8 26.Rd3 d5 27.cxd5 exd5 28.exd5 Rxd5
29.Rxd5 Rxd5 30.Re1 Qd7 31.h3 Rd3 32.Qe5 Qd4+ 33.Qxd4 Rxd4 34.Re4 Rd5 35.b4 Kf7  1-0

[Event "TCh-RUS HL"]
[Site "Sochi RUS"]
[Date "2007.05.08"]
[Round "6"]
[White "Loskutov,O"]
[Black "Meshkov,Y"]
[Result "1-0"]
[WhiteElo "2409"]
[BlackElo "2389"]

1.e4 g6 2.d4 Bg7 3.Nc3 a6 4.f4 b5 5.Nf3 Bb7 6.Bd3 e6 7.O-O f5 8.Re1 b4 9.Na4 Bxe4
10.Bxe4 fxe4 11.Rxe4 Nf6 12.Re1 O-O 13.a3 a5 14.Nc5 Nc6 15.g3 Qe7 16.c3 bxc3
17.bxc3 Nd5 18.Qd3 a4 19.Rb1 Ra5 20.Kg2 Rxc5 21.dxc5 Qxc5 22.c4 Nb6 23.Re4 d5
24.Rxe6 Nxc4 25.h4 Nd4 26.Nxd4 Bxd4 27.h5  1-0

[Event "TCh-RUS HL"]
[Site "Sochi RUS"]
[Date "2007.05.09"]
[Round "7"]
[White "Yudin,S"]
[Black "Chernyshov,K"]
[Result "1/2-1/2"]
[WhiteElo "2511"]
[BlackElo "2567"]

1.e4 g6 2.d4 Bg7 3.Nc3 a6 4.h4 h5 5.Bc4 b5 6.Bd5 c6 7.Bb3 d5 8.exd5 b4 9.Na4 cxd5
10.a3 bxa3 11.Rxa3 Nf6 12.Nf3 Bg4 13.Qd3 Bxf3 14.Qxf3 Nc6 15.c3 O-O 16.O-O e5
17.Bg5 exd4 18.Bxf6 Qxf6 19.Bxd5 Rac8 20.Nb6 Rc7 21.Bxc6 Rxc6 22.Qxf6 Bxf6
23.Nd7 Rd8 24.Nxf6+ Rxf6 25.Rd1 Rb8 26.Rd2  1/2-1/2

[Event "25th Liechtenstein Open"]
[Site "Triesen LIE"]
[Date "2007.05.16"]
[Round "6"]
[White "Klocker,B"]
[Black "Jahn,C"]
[Result "1-0"]
[WhiteElo "2063"]
[BlackElo "2198"]

1.e4 g6 2.d4 Bg7 3.Nc3 d5 4.e5 h5 5.f4 Nh6 6.Be3 c6 7.Nf3 Bg4 8.Be2 Bxf3
9.Bxf3 e6 10.Qd2 Nd7 11.O-O-O b5 12.h3 h4 13.Bf2 Nf5 14.Rdg1 Qa5 15.Kb1 Nb6
16.Bg4 Nc4 17.Qe1 Bf8 18.Bxf5 gxf5 19.Nd1 Qxe1 20.Bxe1 c5 21.g4 hxg3 22.dxc5 Bxc5
23.Rxg3 O-O-O 24.b3 Na3+ 25.Kc1 b4 26.c3 a5 27.cxb4 axb4 28.Nb2 Rdg8 29.Nd3 Rxg3
30.Bxg3 Be3+ 31.Kd1 Rg8 32.Be1 Rg2 33.Bxb4 Rxa2 34.Bxa3 Rxa3 35.Ke2 d4 36.b4 Kd7
37.h4 Ra8 38.h5 Ke7 39.h6 f6 40.h7 Rh8 41.Rh4 fxe5 42.Nxe5 Kf6 43.Nd3 e5
44.fxe5+ Kg7 45.b5 Bh6 46.Rxd4 Kxh7 47.Rb4 Kg6 48.b6 Bg7 49.b7 Rb8 50.Kf3 Kf7
51.Kf4 Ke6 52.Rb6+ Kd7 53.Nc5+ Kc7 54.Rg6 Bxe5+ 55.Kxe5 Re8+ 56.Kxf5  1-0